书目信息 |
| 题名: |
寻找法律史上的失踪者
|
|
| 作者: | 陈新宇 著 | |
| 分册: | ||
| 出版信息: | 桂林 广西师范大学出版社 2015 |
|
| 页数: | 173页 | |
| 开本: | 21cm | |
| 丛书名: | ||
| 单 册: | ||
| 中图分类: | K825.19=5 | |
| 科图分类: | ||
| 主题词: | 法律工作者--fa lv gong zuo zhe--人物研究--中国--近代 | |
| 电子资源: | ||
| ISBN: | 978-7-5495-6262-6 | |
| 000 | 00853nam0 22002291 450 | |
| 001 | 1754524934 | |
| 005 | 20170516112211.0 | |
| 010 | @a978-7-5495-6262-6@b精装@dCNY26.00 | |
| 100 | @a20150320d2015 em y0chiy50 ea | |
| 101 | 0 | @achi |
| 102 | @aCN@b450000 | |
| 105 | @aa z 000yd | |
| 106 | @ar | |
| 200 | 1 | @a寻找法律史上的失踪者@9xin zhao fa lv shi shang de shi zong zhe@f陈新宇著 |
| 210 | @a桂林@c广西师范大学出版社@d2015 | |
| 215 | @a173页@c照片,图@d21cm | |
| 330 | @a本书着眼于近代法律人群体,关注了晚清民国时期章宗祥、董康、汪荣宝、瞿同祖、徐道隣、潘汉典等10位被人们遗忘了的法律人,书写他们各自践行的法律故事,还以历史公道。 | |
| 606 | 0 | @a法律工作者@9fa lv gong zuo zhe@x人物研究@y中国@z近代 |
| 690 | @aK825.19=5@v5 | |
| 701 | 0 | @a陈新宇@9chen xin yu@c(法律)@4著 |
| 801 | 0 | @aCN@b百万庄@c20170513 |
| 905 | @b1006074-9@dK825.19=5@e926@f6 | |
| 寻找法律史上的失踪者/陈新宇著.-桂林:广西师范大学出版社,2015 |
| 173页:照片,图;21cm |
| ISBN 978-7-5495-6262-6(精装):CNY26.00 |
| 本书着眼于近代法律人群体,关注了晚清民国时期章宗祥、董康、汪荣宝、瞿同祖、徐道隣、潘汉典等10位被人们遗忘了的法律人,书写他们各自践行的法律故事,还以历史公道。 |
| ● |
| 相关链接 |
|
|
|
|
正题名:寻找法律史上的失踪者
索取号:K825.19=5/926
 
预约/预借
| 序号 | 登录号 | 条形码 | 馆藏地/架位号 | 状态 | 备注 |
| 1 | 1006074 | 210060743 | 第二样本阅览室/ [索取号:K825.19=5/926] | 在馆 | |
| 2 | 1006075 | 210060752 | 教育系资料室/ [索取号:K825.19=5/926] | 在馆 | |
| 3 | 1006076 | 210060761 | 教育系资料室/ [索取号:K825.19=5/926] | 在馆 | |
| 4 | 1006077 | 210060770 | 教育系资料室/ [索取号:K825.19=5/926] | 在馆 | |
| 5 | 1006078 | 210060789 | 第二借阅区/ [索取号:K825.19=5/926] | 在馆 | |
| 6 | 1006079 | 210060798 | 第二借阅区/ [索取号:K825.19=5/926] | 在馆 |